00361pab a2200133 454500008004000000100002600040245004500066260000900111300001300120362001100133650003300144650001600177773003400193180718b2008 xxu||||| |||| 00| 0 eng d aBalakrishnan, Pulapre aImagining an economy of plenty in Kerala c2008 ap.14-16. a17 May aLand reform - India - Kerala aLand reform aEconomic and Political Weekly